[Event "DEM U10 2011"]
[Site "Oberhof GER"]
[Date "2011.06.15"]
[Round "7"]
[White "Silber, Kevin"]
[Black "Poetsch, Leonore"]
[Result "0-1"]
[Termination "normal"]
[Board "22"]
[WhiteElo "1341"]
[BlackElo "966"]
[PlyCount "154"]
[WhiteFideId "12930440"]
[BlackFideId "12940372"]
[EventCountry "GER"]
[EventRounds "11"]
[EventType "swiss"]
[EventDate "2011.06.11"]

1. e4 e6 2. d4 d5 3. e5 c5 4. c3 Nc6 5. Nf3 Qb6 6. Bd3 cxd4 7. cxd4 Bd7 8. Bc2
Be7 9. O-O f6 10. Nc3 Qc7 11. Re1 a6 12. a3 fxe5 13. dxe5 O-O-O 14. Rb1 Rf8 15.
Bd2 h6 16. Na2 g5 17. Bc3 Bc5 18. Re2 Nge7 19. b4 Ba7 20. Nd4 Nxe5 21. Nxe6
Bxe6 22. Bxe5 Qb6 23. Bxh8 Rxh8 24. Qc1 Kb8 25. Qe3 Qxe3 26. fxe3 Re8 27. h3 d4
28. exd4 Bxa2 29. Rd1 Kc7 30. Kh2 Bf7 31. d5 Kd8 32. d6 Bb8 33. Kh1 Nc6 34.
Rxe8+ Bxe8 35. Bf5 Bd7 36. Bc2 Ne5 37. Bb3 Nc6 38. Kh2 Ne7 39. Bc2 Nc8 40. Kg1
Bxd6 41. Kf2 Kc7 42. Ke3 Nb6 43. g4 Nc4+ 44. Kf2 Nxa3 45. Rc1 Nxc2 46. Rxc2+
Bc6 47. Rb2 Kb6 48. Re2 Bxb4 49. Re6 a5 50. Rxh6 Be7 51. Re6 Bd8 52. Re2 Kc7
53. Rd2 a4 54. Kg3 b5 55. h4 gxh4+ 56. Kf4 Kb6 57. g5 Bxg5+ 58. Kxg5 h3 59. Kg4
Bg2 60. Kg3 Kc5 61. Kh2 Kc4 62. Kg1 Kb3 63. Rf2 a3 64. Re2 b4 65. Re3+ Kc2 66.
Re1 b3 67. Kh2 b2 68. Kg1 b1=Q 69. Rxb1 Kxb1 70. Kf2 a2 71. Kg1 a1=Q 72. Kh2
Qe5+ 73. Kg1 Be4 74. Kf2 Bc2 75. Kg1 Qf6 76. Kh2 Qg5 77. Kxh3 Be4 0-1

[Event "DEM U10 2011"]
[Site "Oberhof GER"]
[Date "2011.06.15"]
[Round "7"]
[White "Köhler, Inken"]
[Black "Ott, Josef Sebastian"]
[Result "1-0"]
[Termination "normal"]
[Board "23"]
[WhiteElo "1079"]
[BlackElo "1327"]
[PlyCount "105"]
[WhiteFideId "12929301"]
[BlackFideId "12952079"]
[EventCountry "GER"]
[EventRounds "11"]
[EventType "swiss"]
[EventDate "2011.06.11"]

1. e4 e6 2. d4 d5 3. exd5 exd5 4. Bd3 Bd6 5. c3 Ne7 6. Bg5 f6 7. Bh4 O-O 8. Bg3
Bf5 9. Bxf5 Nxf5 10. Qf3 Ne7 11. Ne2 c6 12. O-O Ng6 13. Re1 f5 14. Nf4 Nxf4 15.
Bxf4 Bxf4 16. Qxf4 Nd7 17. Nd2 Nb6 18. Nf3 Nc4 19. b3 Nd6 20. Ng5 Qd7 21. Ne6
Rfe8 22. Nc5 Qd8 23. Rxe8+ Nxe8 24. Nxb7 Qf6 25. Re1 g5 26. Qe5 Qxe5 27. Rxe5
Ng7 28. Re7 Ne8 29. Re6 Rb8 30. Nd6 Ng7 31. Re7 Rd8 32. Nf7 Re8 33. Nh6+ Kh8
34. Nxf5 h5 35. Rxe8+ Nxe8 36. Ne7 Nc7 37. Nxc6 Nb5 38. c4 dxc4 39. bxc4 Nc3
40. Nxa7 Ne2+ 41. Kf1 Nxd4 42. c5 Ne6 43. c6 Nc7 44. Ke2 Kg7 45. Ke3 Kf6 46.
Kd4 Ke6 47. Kc5 Ke7 48. Kb6 Kd8 49. Nb5 Nxb5 50. Kxb5 Kc7 51. Kc5 h4 52. Kd5 g4
53. Ke4 1-0

[Event "DEM U10 2011"]
[Site "Oberhof GER"]
[Date "2011.06.15"]
[Round "7"]
[White "Maaß, Timo"]
[Black "Schnabel, Bennett"]
[Result "0-1"]
[Termination "normal"]
[Board "24"]
[WhiteElo "882"]
[BlackElo "1289"]
[PlyCount "48"]
[BlackFideId "12943290"]
[EventCountry "GER"]
[EventRounds "11"]
[EventType "swiss"]
[EventDate "2011.06.11"]

1. d4 d5 2. c4 c6 3. Nf3 e6 4. Nc3 f5 5. Bg5 Nf6 6. e3 Bd6 7. Bd3 O-O 8. Ne5
Nbd7 9. Nxd7 Bxd7 10. O-O Qe8 11. Re1 Ne4 12. Bh4 Kh8 13. Nxe4 dxe4 14. Bc2 Rg8
15. f3 g5 16. Bf2 exf3 17. Qxf3 g4 18. Qe2 Qh5 19. h3 Qh6 20. hxg4 Rxg4 21. g3
Bxg3 22. Bxg3 Rxg3+ 23. Kf1 Qh1+ 24. Kf2 Qg2# 0-1

[Event "DEM U10 2011"]
[Site "Oberhof GER"]
[Date "2011.06.15"]
[Round "7"]
[White "Wurst, Maximilian"]
[Black "Hausdorf, Lars"]
[Result "1-0"]
[Termination "normal"]
[Board "25"]
[WhiteElo "964"]
[BlackElo "1198"]
[PlyCount "151"]
[WhiteFideId "12971812"]
[BlackFideId "16200390"]
[EventCountry "GER"]
[EventRounds "11"]
[EventType "swiss"]
[EventDate "2011.06.11"]

1. e4 e5 2. Nf3 Nf6 3. Nxe5 d6 4. Nf3 Nxe4 5. Nc3 Nxc3 6. dxc3 Bg4 7. Bc4 Qe7+
8. Be3 Nc6 9. O-O O-O-O 10. Re1 Qd7 11. Bd5 Ne5 12. Nxe5 Bxd1 13. Nxd7 Bxc2 14.
Nxf8 Rhxf8 15. Bd4 f6 16. h3 c6 17. Be6+ Kb8 18. Bg4 Bg6 19. Be3 h5 20. Bf3 Bf7
21. a3 d5 22. Bf4+ Ka8 23. Re7 g5 24. Be3 Kb8 25. Bd4 Bg6 26. Rg7 Be8 27. Rh7
h4 28. Bc5 Rg8 29. Be7 Rd7 30. Re1 Ka8 31. Bg4 Rc7 32. Bf5 a6 33. Bxf6 Rxh7 34.
Bxh7 Rf8 35. Bxg5 Bd7 36. Re7 Bf5 37. Bxf5 Rxf5 38. Be3 Rf8 39. Bd4 Rg8 40. f4
Kb8 41. f5 Rf8 42. f6 Kc8 43. b4 a5 44. bxa5 c5 45. Bxc5 Rxf6 46. Bb4 Rc6 47.
Rh7 Rc4 48. Rh5 Kc7 49. Rxd5 Kb8 50. Rc5 Rf4 51. Rb5 Ka7 52. Bc5+ Ka8 53. Rb4
Rf5 54. Bb6 Rh5 55. Rd4 Rh8 56. Rd8+ Rxd8 57. Bxd8 Ka7 58. Bb6+ Ka6 59. Kf2 Kb5
60. Kf3 Kc4 61. Kg4 Kxc3 62. Kxh4 Kc4 63. g4 Kd5 64. g5 Ke6 65. Kh5 Kf7 66. h4
Kg7 67. g6 Kf8 68. Kh6 Kg8 69. g7 Kf7 70. Kh7 Ke6 71. g8=Q+ Ke5 72. Qd8 Ke6 73.
h5 Kf5 74. Qe7 Kf4 75. h6 Kf5 76. Kg7 1-0

[Event "DEM U10 2011"]
[Site "Oberhof GER"]
[Date "2011.06.15"]
[Round "7"]
[White "Keymer, Vincent"]
[Black "Schumacher, Simon"]
[Result "1-0"]
[Termination "normal"]
[Board "26"]
[WhiteElo "1192"]
[BlackElo "1005"]
[PlyCount "113"]
[WhiteFideId "12940690"]
[EventCountry "GER"]
[EventRounds "11"]
[EventType "swiss"]
[EventDate "2011.06.11"]

1. d4 d5 2. c4 e6 3. Nc3 Nf6 4. Nf3 Nbd7 5. e3 a6 6. b3 Be7 7. Bd3 dxc4 8. bxc4
c6 9. Rb1 b5 10. c5 Bb7 11. a4 Qa5 12. Bd2 Qc7 13. Qc2 O-O 14. O-O e5 15. Rfe1
exd4 16. exd4 Rae8 17. Ne4 Nxe4 18. Bxe4 Nf6 19. Bd3 bxa4 20. Qxa4 Ra8 21. Ba5
Qb8 22. Rxe7 Ra7 23. Qb3 Re8 24. Rxb7 Rxb7 25. Qxb7 Qf4 26. Bd2 Qg4 27. h3 Qe6
28. Ng5 Qa2 29. Qb2 Qd5 30. Be3 h6 31. Nf3 Nd7 32. Qb3 Qxb3 33. Rxb3 Nf6 34.
Bxa6 Nd5 35. Bc4 Nxe3 36. Rxe3 Rxe3 37. fxe3 g5 38. Ne5 h5 39. Bxf7+ Kg7 40.
Bxh5 Kh6 41. g4 Kg7 42. Nxc6 Kf6 43. d5 Kg7 44. Kf2 Kf6 45. Kf3 Kg7 46. e4 Kf6
47. e5+ Kg7 48. Ke4 Kh8 49. d6 Kg7 50. Kd5 Kh8 51. Ne7 Kg7 52. c6 Kf8 53. Ke6
Kg7 54. c7 Kh7 55. c8=Q Kg7 56. Qg8+ Kh6 57. Qg6# 1-0

[Event "DEM U10 2011"]
[Site "Oberhof GER"]
[Date "2011.06.15"]
[Round "7"]
[White "Riegel, Arinna"]
[Black "Pajeken, Jakob Leon"]
[Result "0-1"]
[Termination "normal"]
[Board "27"]
[WhiteElo "1118"]
[BlackElo "915"]
[PlyCount "78"]
[WhiteFideId "12931446"]
[BlackFideId "12942839"]
[EventCountry "GER"]
[EventRounds "11"]
[EventType "swiss"]
[EventDate "2011.06.11"]

1. e4 e5 2. Nf3 Nc6 3. d4 exd4 4. Nxd4 Nf6 5. Nc3 Bb4 6. Nxc6 bxc6 7. Bd3 O-O
8. O-O h6 9. Bd2 Re8 10. Re1 d6 11. a3 Bc5 12. Na4 Bg4 13. Qc1 Bd4 14. Bc3 Bxc3
15. Nxc3 Qb8 16. h3 Bh5 17. Re3 Qb6 18. Rg3 Kh8 19. Qf4 Qxb2 20. Rb1 Qxc3 21.
Qf5 Qe5 22. Qxe5 Rxe5 23. Re3 d5 24. exd5 Rxe3 25. fxe3 cxd5 26. Kh2 Bg6 27.
Bxg6 fxg6 28. Kg3 Nd7 29. Kf4 Kg8 30. e4 dxe4 31. Kxe4 Kf7 32. Kd5 Ke7 33. Rb7
Kd8 34. Kc6 a5 35. Rxc7 Ra6+ 36. Kb7 Rb6+ 37. Ka7 Kxc7 38. c4 Nb8 39. c5 Ra6#
0-1

[Event "DEM U10 2011"]
[Site "Oberhof GER"]
[Date "2011.06.15"]
[Round "7"]
[White "Stein, Robert"]
[Black "Flach, Helene"]
[Result "1-0"]
[Termination "normal"]
[Board "28"]
[WhiteElo "1292"]
[BlackElo "849"]
[PlyCount "73"]
[WhiteFideId "12921084"]
[BlackFideId "12929735"]
[EventCountry "GER"]
[EventRounds "11"]
[EventType "swiss"]
[EventDate "2011.06.11"]

1. e4 e5 2. Nf3 Nc6 3. d4 exd4 4. Nxd4 Nf6 5. Nxc6 bxc6 6. e5 Qe7 7. Qe2 Nd5 8.
c4 Nb6 9. b3 g6 10. Bb2 d5 11. exd6 Qxe2+ 12. Bxe2 Rg8 13. dxc7 Bd6 14. O-O
Bxc7 15. Bf3 Bb7 16. Re1+ Kd7 17. Nc3 Rad8 18. Ne4 Kc8 19. Nf6 Rgf8 20. Bg4+
Kb8 21. c5 Nd5 22. Nd7+ Rxd7 23. Bxd7 f5 24. Re8+ Rxe8 25. Bxe8 a6 26. Bf7 Nb4
27. Bc4 h5 28. a3 Nd5 29. Bxd5 cxd5 30. Re1 Bc6 31. Be5 Bxe5 32. Rxe5 h4 33.
Re6 Kc7 34. Rxg6 f4 35. Rd6 Kb7 36. g3 hxg3 37. hxg3 1-0

[Event "DEM U10 2011"]
[Site "Oberhof GER"]
[Date "2011.06.15"]
[Round "7"]
[White "Ratay, Meike"]
[Black "Schröter, Ron"]
[Result "0-1"]
[Termination "normal"]
[Board "29"]
[WhiteElo "1087"]
[BlackElo "1291"]
[PlyCount "66"]
[WhiteFideId "12977608"]
[BlackFideId "12941727"]
[EventCountry "GER"]
[EventRounds "11"]
[EventType "swiss"]
[EventDate "2011.06.11"]

1. Nc3 d5 2. e4 d4 3. Nce2 e5 4. Ng3 c5 5. Bc4 Nf6 6. d3 Nc6 7. a3 b5 8. Bxb5
Qa5+ 9. Bd2 Qxb5 10. Bc1 Bd6 11. N1e2 O-O 12. O-O Be6 13. c4 Qb7 14. Rb1 Qd7
15. f4 exf4 16. Bxf4 Bxf4 17. Nxf4 Ng4 18. Nxe6 Qxe6 19. Nf5 Ne3 20. Nxe3 dxe3
21. Rf3 Qe5 22. Rxe3 Qd4 23. Qe2 f5 24. Kh1 Rae8 25. Re1 fxe4 26. Rxe4 Rxe4 27.
Qxe4 Qf2 28. h3 Nd4 29. Kh2 Nf3+ 30. Kh1 Qxe1+ 31. Qxe1 Nxe1 32. Kh2 Nxd3 33.
b3 Rb8 0-1

[Event "DEM U10 2011"]
[Site "Oberhof GER"]
[Date "2011.06.15"]
[Round "7"]
[White "Rosenhain, Rachela"]
[Black "Hoffmann, Lennard"]
[Result "1-0"]
[Termination "normal"]
[Board "30"]
[WhiteElo "1190"]
[BlackElo "1044"]
[PlyCount "69"]
[WhiteFideId "12957615"]
[BlackFideId "12943495"]
[EventCountry "GER"]
[EventRounds "11"]
[EventType "swiss"]
[EventDate "2011.06.11"]

1. e4 c5 2. Nf3 Nc6 3. d4 cxd4 4. Nxd4 g6 5. c4 Bg7 6. Be3 Nf6 7. Nc3 O-O 8.
Be2 d6 9. O-O Bd7 10. Qd2 Re8 11. Rac1 Qb6 12. Ne6 Qa5 13. Nxg7 Kxg7 14. Nd5
Qd8 15. Nxf6 exf6 16. f3 Qe7 17. b4 f5 18. Bd3 Ne5 19. Bd4 f6 20. Rfe1 Nxd3 21.
Qxd3 fxe4 22. fxe4 Kf7 23. c5 d5 24. e5 a6 25. Bb2 Rac8 26. Qxd5+ Be6 27. Qf3
Bxa2 28. Re3 Rcd8 29. Bc3 Bd5 30. Qf2 Rd7 31. Rce1 Red8 32. exf6 Qf8 33. Re7+
Kg8 34. f7+ Bxf7 35. Qf6 1-0

[Event "DEM U10 2011"]
[Site "Oberhof GER"]
[Date "2011.06.15"]
[Round "7"]
[White "Schamber, Dennis"]
[Black "Heckmann, Till"]
[Result "1-0"]
[Termination "normal"]
[Board "31"]
[WhiteElo "1039"]
[BlackElo "1157"]
[PlyCount "145"]
[WhiteFideId "12952176"]
[BlackFideId "12987093"]
[EventCountry "GER"]
[EventRounds "11"]
[EventType "swiss"]
[EventDate "2011.06.11"]

1. e4 e5 2. d4 Nc6 3. d5 Nce7 4. Nf3 d6 5. Nc3 Bg4 6. h3 Bh5 7. Be3 Nf6 8. Be2
Bxf3 9. Bxf3 g6 10. Qd3 Bg7 11. O-O O-O 12. Rfe1 c6 13. Qd2 Qd7 14. Bh6 Rac8
15. Bxg7 Kxg7 16. g4 Nfg8 17. Kg2 c5 18. Ne2 Qc7 19. h4 Qb6 20. b3 Nf6 21. h5
Nd7 22. hxg6 Nxg6 23. Rh1 Rh8 24. Ng3 Nf4+ 25. Kg1 Nf6 26. Nf5+ Kf8 27. Rh6 Nd7
28. Nxd6 Rg8 29. Nf5 Qb4 30. Qxb4 cxb4 31. Rc1 Nf6 32. Rxf6 Rc3 33. Bg2 Ne2+
34. Kh2 Nxc1 35. Rd6 Rc8 36. Bh3 Rg6 37. Rd7 Rb8 38. Nd6 Rg7 39. Nxb7 f6 40.
Rxg7 Kxg7 41. Nc5 Kg6 42. Kg3 Rd8 43. f4 Nxa2 44. Ne6 Rd6 45. g5 Nc3 46. Bf5+
Kf7 47. Bxh7 exf4+ 48. Kxf4 fxg5+ 49. Nxg5+ Kf8 50. Ke5 Rd7 51. Bf5 Rb7 52. d6
Rb8 53. Ke6 Ke8 54. Bg6+ Kf8 55. d7 Nxe4 56. Nxe4 Rd8 57. Kd6 Kg7 58. Kc7 Rxd7+
59. Kxd7 Kxg6 60. Kc6 Kf5 61. Nc5 Ke5 62. Kb5 Kd4 63. Kxb4 Ke3 64. Ka5 Kd4 65.
b4 Kc4 66. Ne4 a6 67. Nd6+ Kc3 68. Ne8 Kc4 69. Nc7 Kd4 70. Kxa6 Ke5 71. b5 Kd6
72. b6 Kd7 73. Ka7 1-0

[Event "DEM U10 2011"]
[Site "Oberhof GER"]
[Date "2011.06.15"]
[Round "7"]
[White "Schmidt, Sarah"]
[Black "Kopylov, Daniel"]
[Result "1-0"]
[Termination "normal"]
[Board "32"]
[WhiteElo "1032"]
[BlackElo "1130"]
[PlyCount "141"]
[WhiteFideId "12965480"]
[BlackFideId "12921971"]
[EventCountry "GER"]
[EventRounds "11"]
[EventType "swiss"]
[EventDate "2011.06.11"]

1. e4 c5 2. Nf3 d6 3. d4 cxd4 4. Nxd4 Nf6 5. Nc3 g6 6. Bc4 Bg7 7. Bb3 O-O 8.
O-O Nc6 9. Nxc6 bxc6 10. Bg5 Bb7 11. Re1 h6 12. Be3 c5 13. e5 dxe5 14. Bxc5 Re8
15. Qxd8 Raxd8 16. Rad1 Rxd1 17. Rxd1 a6 18. Ba4 Rc8 19. Bxe7 Ne4 20. Nxe4 Bxe4
21. Rd8+ Rxd8 22. Bxd8 Bd5 23. b3 e4 24. c4 Be6 25. Bc6 f5 26. Bd5 Kf7 27.
Bxe6+ Kxe6 28. b4 Kd7 29. Bb6 Kc6 30. Ba7 f4 31. a4 g5 32. b5+ axb5 33. axb5+
Kb7 34. b6 Bd4 35. Kf1 Bxb6 36. Bxb6 Kxb6 37. Ke2 Kc5 38. f3 Kxc4 39. fxe4 Kd4
40. Kf3 h5 41. g3 Ke5 42. gxf4+ gxf4 43. h4 Ke6 44. Kxf4 Kf6 45. e5+ Ke6 46.
Ke4 Ke7 47. Kf5 Kf7 48. e6+ Ke7 49. Ke5 Ke8 50. Kf6 Kf8 51. Kg6 Ke7 52. Kxh5
Kxe6 53. Kg6 Ke7 54. Kg7 Ke6 55. h5 Kf5 56. h6 Kg5 57. h7 Kf5 58. h8=Q Ke6 59.
Qf8 Ke5 60. Qf6+ Ke4 61. Kg6 Kd3 62. Qe7 Kd2 63. Kf5 Kd1 64. Kf4 Kc1 65. Qd8
Kb1 66. Qc8 Kb2 67. Ke4 Ka1 68. Qb8 Ka2 69. Kd4 Ka1 70. Kc3 Ka2 71. Qb2# 1-0

[Event "DEM U10 2011"]
[Site "Oberhof GER"]
[Date "2011.06.15"]
[Round "7"]
[White "Arnhold, Steffi"]
[Black "Merx, Florian"]
[Result "1-0"]
[Termination "normal"]
[Board "33"]
[WhiteElo "1117"]
[BlackElo "1035"]
[PlyCount "61"]
[WhiteFideId "12931365"]
[BlackFideId "16212304"]
[EventCountry "GER"]
[EventRounds "11"]
[EventType "swiss"]
[EventDate "2011.06.11"]

1. e4 e5 2. Nf3 Nc6 3. Bb5 a6 4. Ba4 Nf6 5. O-O Bc5 6. c3 d6 7. Re1 Bg4 8. d4
exd4 9. cxd4 Bb4 10. Re3 O-O 11. a3 Ba5 12. b4 Bb6 13. Bb2 Ne7 14. Nbd2 Ng6 15.
Nf1 c6 16. Ng3 Nf4 17. h3 Be6 18. Bc2 N6h5 19. Nxh5 Nxh5 20. Nh2 Nf4 21. Rg3
Bc7 22. d5 cxd5 23. Bxg7 Ng6 24. Bxf8 Qxf8 25. exd5 Bd7 26. h4 Kh8 27. h5 Ne7
28. Qd4+ f6 29. Ng4 Bxg4 30. Rxg4 Nf5 31. Bxf5 1-0

[Event "DEM U10 2011"]
[Site "Oberhof GER"]
[Date "2011.06.15"]
[Round "7"]
[White "Cejda, Cecilia"]
[Black "Rosenthal, Moritz"]
[Result "1-0"]
[Termination "normal"]
[Board "34"]
[WhiteElo "1130"]
[BlackElo "847"]
[PlyCount "87"]
[WhiteFideId "12921122"]
[BlackFideId "12946338"]
[EventCountry "GER"]
[EventRounds "11"]
[EventType "swiss"]
[EventDate "2011.06.11"]

1. e4 e5 2. Nf3 Nc6 3. Bc4 Bc5 4. b4 Bxb4 5. c3 Be7 6. d4 Na5 7. Be2 exd4 8.
cxd4 Nf6 9. Bd2 Nc6 10. Nc3 d5 11. e5 Ne4 12. Bd3 Bf5 13. Qb3 Nxc3 14. Bxf5 Ne4
15. Qxb7 Nxd4 16. Nxd4 Nxd2 17. Nc6 Rb8 18. Qxb8 Qxb8 19. Nxb8 Bb4 20. Nc6 Nb3+
21. Nxb4 Nxa1 22. O-O a5 23. Nc6 g6 24. Rb1 Kf8 25. Rb8+ Kg7 26. Rxh8 Kxh8 27.
Bd3 Kg7 28. Nxa5 c5 29. a4 c4 30. Bb1 c3 31. Nc6 c2 32. Bxc2 Nxc2 33. a5 d4 34.
Kf1 d3 35. a6 Na3 36. a7 Nc4 37. a8=Q Nb2 38. Qd8 h5 39. h3 Kh7 40. g4 hxg4 41.
hxg4 Kg7 42. g5 Kh7 43. Ne7 Kg7 44. Qg8# 1-0

[Event "DEM U10 2011"]
[Site "Oberhof GER"]
[Date "2011.06.15"]
[Round "7"]
[White "Rau, Jennifer"]
[Black "Bachmann, Jonas"]
[Result "0-1"]
[Termination "normal"]
[Board "35"]
[WhiteElo "1092"]
[BlackElo "1396"]
[PlyCount "180"]
[WhiteFideId "12983276"]
[BlackFideId "12922919"]
[EventCountry "GER"]
[EventRounds "11"]
[EventType "swiss"]
[EventDate "2011.06.11"]

1. e4 e5 2. Nf3 Nc6 3. Bc4 Bc5 4. d3 d6 5. Nc3 Nf6 6. Bd2 Bg4 7. h3 Bxf3 8.
Qxf3 Nd4 9. Qd1 c6 10. Bg5 h6 11. Bh4 g5 12. Bg3 Qe7 13. Ne2 O-O-O 14. Nxd4
Bxd4 15. c3 Bc5 16. h4 d5 17. exd5 cxd5 18. Bb3 d4 19. c4 Bb4+ 20. Kf1 Qe6 21.
c5 Qe7 22. Ba4 Bxc5 23. Rc1 Kb8 24. Qe2 Bd6 25. Rc4 Rc8 26. Kg1 Rxc4 27. dxc4
Rc8 28. Kh2 e4 29. f3 Bxg3+ 30. Kxg3 Qe5+ 31. Kf2 e3+ 32. Kg1 d3 33. Qxd3 e2
34. Kf2 Qxb2 35. Qxe2 Qxe2+ 36. Kxe2 Rxc4 37. Bb3 Rb4 38. hxg5 hxg5 39. Ke3 Rf4
40. Bxf7 Ng4+ 41. fxg4 Rxf7 42. Rh5 Rg7 43. Ke4 Re7+ 44. Kf3 Rf7+ 45. Ke3 Re7+
46. Kf3 Re5 47. Rh6 Ra5 48. Rg6 Rxa2 49. Rxg5 a5 50. Rg8+ Ka7 51. g5 Rc2 52. g6
Rc7 53. g7 Kb6 54. Rf8 Rxg7 55. Rf6+ Kc7 56. Rf5 b6 57. g4 Kc6 58. Rf6+ Kb5 59.
Rf5+ Ka6 60. g5 a4 61. Kg4 Rd7 62. g6 Rd1 63. Kg5 a3 64. Rf4 b5 65. g7 a2 66.
Rf6+ Ka5 67. Rf7 a1=Q 68. Ra7+ Kb6 69. Rxa1 Rxa1 70. Kf6 Rg1 71. Kf7 Rxg7+ 72.
Kxg7 b4 73. Kf6 b3 74. Ke5 b2 75. Kd4 b1=Q 76. Kd5 Qb4 77. Ke5 Qc4 78. Kd6 Qc5+
79. Ke6 Qd4 80. Kf5 Qe3 81. Kf6 Qe4 82. Kf7 Qe5 83. Kg6 Qf4 84. Kg7 Qf5 85. Kh8
Qg5 86. Kh7 Kc7 87. Kh8 Kd7 88. Kh7 Ke7 89. Kh8 Kf7 90. Kh7 Qg7# 0-1

[Event "DEM U10 2011"]
[Site "Oberhof GER"]
[Date "2011.06.15"]
[Round "7"]
[White "Adler, Jakob"]
[Black "Volkov, Michael"]
[Result "1-0"]
[Termination "normal"]
[Board "36"]
[WhiteElo "1111"]
[BlackElo "1056"]
[PlyCount "81"]
[EventCountry "GER"]
[EventRounds "11"]
[EventType "swiss"]
[EventDate "2011.06.11"]

1. e4 e5 2. Nf3 Nc6 3. Bc4 Bc5 4. c3 Nf6 5. d3 d6 6. h3 Be6 7. Bb3 Qd7 8. Be3
Bb6 9. Nbd2 O-O 10. Qe2 Rad8 11. O-O-O Bxe3 12. Qxe3 Ra8 13. Nf1 Bxb3 14. axb3
a5 15. g4 a4 16. b4 a3 17. b3 Ne7 18. Ng3 b6 19. Nh4 Rfc8 20. c4 c5 21. b5 Qa7
22. Kb1 Qd7 23. f4 Rd8 24. f5 Kf8 25. g5 Nfg8 26. Rdf1 f6 27. Nh5 Qc7 28. Rhg1
Qb7 29. gxf6 Nxf6 30. Nxg7 Kf7 31. Qh6 Rg8 32. Ne6 Rxg1 33. Rxg1 Ke8 34. Qxf6
Kd7 35. Rg7 Re8 36. Rxh7 Kc8 37. Ng6 Ng8 38. Rxb7 Nxf6 39. Rf7 Nh5 40. Ne7+ Kd7
41. Nc6+ 1-0

[Event "DEM U10 2011"]
[Site "Oberhof GER"]
[Date "2011.06.15"]
[Round "7"]
[White "Möller, Lisa-Marie"]
[Black "Santos, Leonardo"]
[Result "0-1"]
[Termination "normal"]
[Board "37"]
[WhiteElo "1069"]
[BlackElo "1100"]
[PlyCount "98"]
[WhiteFideId "12959367"]
[BlackFideId "12965049"]
[EventCountry "GER"]
[EventRounds "11"]
[EventType "swiss"]
[EventDate "2011.06.11"]

1. e4 c5 2. Nf3 Nc6 3. d4 cxd4 4. Nxd4 g6 5. Nc3 Bg7 6. Be3 Nf6 7. f3 O-O 8.
Qd2 d5 9. exd5 Nxd5 10. Nxc6 bxc6 11. Nxd5 cxd5 12. O-O-O Rb8 13. Bd4 Bxd4 14.
Qxd4 Be6 15. g4 h6 16. h3 Qc7 17. Be2 Rfc8 18. c3 Qb7 19. b3 Qc7 20. Kc2 Qa5
21. Kb2 Bd7 22. Rd3 Be6 23. Rf1 Qb6 24. Qe5 a5 25. f4 a4 26. b4 Rc4 27. f5 Re4
28. Qh2 Bd7 29. Rxd5 Bc6 30. Re5 Ra8 31. Rxe4 Bxe4 32. fxg6 Bxg6 33. Qf4 Qe6
34. Bf3 Rc8 35. Qxh6 Qf6 36. Qc1 a3+ 37. Kb3 Qe6+ 38. c4 Bd3 39. Re1 Qa6 40. c5
e6 41. Qc3 Rd8 42. c6 Ra8 43. Qc1 Rc8 44. Qxa3 Qc4+ 45. Kb2 Rb8 46. Ka1 Rxb4
47. Rc1 Qd4+ 48. Qc3 Qxc3+ 49. Rxc3 Rb1# 0-1

[Event "DEM U10 2011"]
[Site "Oberhof GER"]
[Date "2011.06.15"]
[Round "7"]
[White "Könze, Heike"]
[Black "Kobald, Jacqueline"]
[Result "1-0"]
[Termination "normal"]
[Board "38"]
[WhiteElo "1093"]
[BlackElo "806"]
[PlyCount "57"]
[WhiteFideId "12964476"]
[BlackFideId "12988162"]
[EventCountry "GER"]
[EventRounds "11"]
[EventType "swiss"]
[EventDate "2011.06.11"]

1. e4 e5 2. Nf3 Nc6 3. d4 exd4 4. Bc4 Nf6 5. e5 Ng4 6. Bxf7+ Ke7 7. Bg5+ Nf6 8.
exf6+ Kxf7 9. fxg7 Qe8+ 10. Qe2 Qxe2+ 11. Kxe2 Bxg7 12. Rd1 Re8+ 13. Kf1 d6 14.
Na3 Bf5 15. Nb5 Bxc2 16. Rd2 Ba4 17. Nxc7 Bb5+ 18. Nxb5 Rf8 19. Nbxd4 Nb4 20.
a3 Nd5 21. Bh4 Kg8 22. Ne6 Bh6 23. Rxd5 Rf7 24. Rad1 Rc8 25. Rxd6 a5 26. Rd8+
Rxd8 27. Rxd8+ Bf8 28. Be7 Rxe7 29. Rxf8# 1-0

[Event "DEM U10 2011"]
[Site "Oberhof GER"]
[Date "2011.06.15"]
[Round "7"]
[White "Staufenberger, Philipp"]
[Black "Nguyen, Ha Thanh"]
[Result "1/2-1/2"]
[Termination "normal"]
[Board "39"]
[WhiteElo "1033"]
[BlackElo "1092"]
[PlyCount "41"]
[WhiteFideId "12970883"]
[BlackFideId "12942154"]
[EventCountry "GER"]
[EventRounds "11"]
[EventType "swiss"]
[EventDate "2011.06.11"]

1. e4 c5 2. c3 Nc6 3. d4 e6 4. Nf3 b6 5. Bf4 Bb7 6. Bd3 Nf6 7. Nbd2 d6 8. Bc2
Be7 9. e5 Nd5 10. Bg3 dxe5 11. Nxe5 Nxe5 12. Bxe5 Bf6 13. Ba4+ Kf8 14. Nf3 Bxe5
15. Nxe5 Nf4 16. Bc6 Bxc6 17. Nxc6 Qd5 18. Qg4 Nxg2+ 19. Kf1 Qxc6 20. Qxg2
Qxg2+ 21. Kxg2 1/2-1/2

[Event "DEM U10 2011"]
[Site "Oberhof GER"]
[Date "2011.06.15"]
[Round "7"]
[White "Demme, Miriam"]
[Black "Pantsernaya, Sofya"]
[Result "1-0"]
[Termination "normal"]
[Board "40"]
[WhiteElo "1086"]
[BlackElo "769"]
[PlyCount "37"]
[WhiteFideId "12966703"]
[BlackFideId "12993182"]
[EventCountry "GER"]
[EventRounds "11"]
[EventType "swiss"]
[EventDate "2011.06.11"]

1. e4 d5 2. exd5 Qxd5 3. Nc3 Qa5 4. d4 c6 5. Bc4 Nf6 6. Nf3 Bg4 7. h3 Bh5 8.
Bd2 Qc7 9. g4 Bg6 10. Ne5 Nbd7 11. Nxd7 Nxd7 12. h4 O-O-O 13. h5 Nb6 14. Bb3
Rxd4 15. hxg6 fxg6 16. Qe2 Qd7 17. O-O-O Rxg4 18. Be6 Qxe6 19. Qxe6+ 1-0

[Event "DEM U10 2011"]
[Site "Oberhof GER"]
[Date "2011.06.15"]
[Round "7"]
[White "von Pogrell, Anna"]
[Black "Herbert, Fabian"]
[Result "1/2-1/2"]
[Termination "normal"]
[Board "43"]
[WhiteElo "719"]
[BlackElo "949"]
[PlyCount "42"]
[BlackFideId "12940402"]
[EventCountry "GER"]
[EventRounds "11"]
[EventType "swiss"]
[EventDate "2011.06.11"]

1. e4 e5 2. Nf3 Nc6 3. Bc4 Bc5 4. c3 Bb6 5. d3 Nf6 6. Bg5 O-O 7. Nbd2 d6 8. Bb5
h6 9. Be3 Bd7 10. O-O Ne7 11. Bc4 c6 12. Nh4 d5 13. exd5 cxd5 14. Bb3 Qc7 15.
c4 dxc4 16. dxc4 Ng4 17. Bxb6 axb6 18. Rc1 e4 19. g3 e3 20. Ne4 Rfe8 21. f3 Ne5
1/2-1/2

[Event "DEM U10 2011"]
[Site "Oberhof GER"]
[Date "2011.06.15"]
[Round "7"]
[White "Wastian, Mareike"]
[Black "Weiten, Teresa"]
[Result "1-0"]
[Termination "normal"]
[Board "44"]
[WhiteElo "932"]
[BlackElo "766"]
[PlyCount "51"]
[WhiteFideId "12947423"]
[BlackFideId "12971944"]
[EventCountry "GER"]
[EventRounds "11"]
[EventType "swiss"]
[EventDate "2011.06.11"]

1. e4 e5 2. Nf3 Nc6 3. Bb5 Nf6 4. O-O Bc5 5. Nc3 O-O 6. Bxc6 dxc6 7. Nxe5 Be6
8. d4 Bb4 9. Bd2 Bxc3 10. Bxc3 Nxe4 11. Qd3 Nxc3 12. Qxc3 Qg5 13. Rad1 Rad8 14.
a3 Bd5 15. f3 Rd6 16. Nd3 Rg6 17. g3 Re8 18. Qa5 b6 19. Qxa7 Qe3+ 20. Nf2 Qxf3
21. Ne4 Qxe4 22. Rf2 Rf6 23. Rdf1 Qxd4 24. Qxc7 Re1 25. Qd8+ Re8 26. Qxe8# 1-0